UBT Library

The medieval foundation of England, (Record no. 40754)

000 -LEADER
fixed length control field 00560cam a22002291 4500
001 - CONTROL NUMBER
control field 757832
005 - DATE AND TIME OF LATEST TRANSACTION
control field 20180123044211.0
008 - FIXED-LENGTH DATA ELEMENTS--GENERAL INFORMATION
fixed length control field 700729r19681966nyu 000 0 eng
010 ## - LIBRARY OF CONGRESS CONTROL NUMBER
LC control number 68006615
040 ## - CATALOGING SOURCE
Original cataloging agency DLC
Transcribing agency DLC
Modifying agency DLC
041 ## - LANGUAGE CODE
Language code of text/sound track or separate title eng
043 ## - GEOGRAPHIC AREA CODE
Geographic area code e-uk-en
080 ## - UNIVERSAL DECIMAL CLASSIFICATION NUMBER
Universal Decimal Classification number 914.203
082 00 - DEWEY DECIMAL CLASSIFICATION NUMBER
Classification number 914.203 BRY
100 1# - Rafti
Rafti 16
101 ## - Shkurtesa
Shkurtesa HIS
240 10 - UNIFORM TITLE
Uniform title <a href="Medieval foundation">Medieval foundation</a>
245 14 - TITLE STATEMENT
Title The medieval foundation of England,
Statement of responsibility, etc by Arthur Bryant.
350 ## - PRICE (NR) (BK AM CF MU VM SE) [OBSOLETE]
Price 1.95
906 ## - LOCAL DATA ELEMENT F, LDF (RLIN)
a 7
b cbc
c orignew
d u
e ncip
f 19
g y-gencatlg
942 ## - ADDED ENTRY ELEMENTS (KOHA)
Source of classification or shelving scheme
Item type Books
Holdings
Withdrawn status Lost status Source of classification or shelving scheme Damaged status Not for loan Collection code Permanent location Current location Shelving location Date acquired Total Checkouts Full call number Barcode Date last seen Price effective from Koha item type
          Koleksioni i përgjithshem UBT - Lipjan UBT - Lipjan Koleksioni i përgjithshem 01/23/2018   914.203 BRY 002-2996284 01/23/2018 01/23/2018 Books
UBT Library © 2015-2024. All rights reserved University Education for Business and Technology